MARC details
| 000 -CABECERA |
| campo de control de longitud fija |
01077nam a2200277 a 4500 |
| 001 - NÚMERO DE CONTROL |
| campo de control |
000015530 |
| 005 - FECHA Y HORA DE LA ÚLTIMA TRANSACCIÓN |
| campo de control |
20200929164051.0 |
| 008 - DATOS DE LONGITUD FIJA--INFORMACIÓN GENERAL |
| campo de control de longitud fija |
100212s2009 dr a 001 0 spa d |
| 020 ## - NÚMERO INTERNACIONAL ESTÁNDAR DEL LIBRO |
| Número Internacional Estándar del Libro |
9789945163131 |
| 040 ## - FUENTE DE LA CATALOGACIÓN |
| Centro catalogador/agencia de origen |
DO-SdBNP |
| Lengua de catalogación |
spa |
| Centro/agencia transcriptor |
BNPHU |
| 082 ## - NÚMERO DE LA CLASIFICACIÓN DECIMAL DEWEY |
| Número de clasificación |
624.171 |
| Número de documento/Ítem |
W746a, 2009 |
| 100 1# - ENTRADA PRINCIPAL--NOMBRE DE PERSONA |
| Nombre de persona |
Wilson, Edward L. |
| 9 (RLIN) |
35065 |
| 240 10 - TÍTULO UNIFORME |
| Título uniforme |
Static and dynamic analysis of structures |
| Lenguaje de la obra |
inglés |
| 245 10 - MENCIÓN DE TÍTULO |
| Título |
Análisis estático y dinámico de estructuras : |
| Resto del título |
un enfoque físico con énfasis en ingeniería sísmica / |
| Mención de responsabilidad, etc. |
Edward L. Wilson ; tradución Morrison Ingenieros ; revisión técnica Carlos A. Prato ... [et al.]. |
| 250 ## - MENCIÓN DE EDICIÓN |
| Mención de edición |
4a ed. |
| 260 ## - PUBLICACIÓN, DISTRIBUCIÓN, ETC. |
| Nombre del editor, distribuidor, etc. |
Computers & Structures, |
| Fecha de publicación, distribución, etc. |
2009. |
| 300 ## - DESCRIPCIÓN FÍSICA |
| Extensión |
456 p. : |
| Otras características físicas |
il. |
| 590 ## - NOTA LOCAL (RLIN) |
| Nota local |
Inventariado,2018/DG |
| 650 #4 - PUNTO DE ACCESO ADICIONAL DE MATERIA--TÉRMINO DE MATERIA |
| Término de materia o nombre geográfico como elemento de entrada |
Ingeniería sísmica |
| 9 (RLIN) |
35066 |
| 650 #4 - PUNTO DE ACCESO ADICIONAL DE MATERIA--TÉRMINO DE MATERIA |
| Término de materia o nombre geográfico como elemento de entrada |
Diseño sismo resistente |
| 9 (RLIN) |
35067 |
| 650 #4 - PUNTO DE ACCESO ADICIONAL DE MATERIA--TÉRMINO DE MATERIA |
| Término de materia o nombre geográfico como elemento de entrada |
Ingeniería de estructuras |
| 9 (RLIN) |
6896 |
| 650 #4 - PUNTO DE ACCESO ADICIONAL DE MATERIA--TÉRMINO DE MATERIA |
| Término de materia o nombre geográfico como elemento de entrada |
Prevención y protección a los sismos |
| 9 (RLIN) |
35068 |
| 700 1# - PUNTO DE ACCESO ADICIONAL--NOMBRE DE PERSONA |
| Nombre de persona |
Prato, Carlos A. |
| 9 (RLIN) |
35069 |
| 710 2# - PUNTO DE ACCESO ADICIONAL--NOMBRE DE ENTIDAD CORPORATIVA |
| Nombre de entidad corporativa o nombre de jurisdicción como elemento de entrada |
Morrison ingenieros, |
| Término indicativo de función/relación |
tr. |
| 9 (RLIN) |
35070 |
| 910 ## - DATOS DE OPCIÓN DEL USUARIO (OCLC) |
| Datos de opción del usuario |
Validado. Control de calidad BNPHU |